000 03526nab a2200289 i 4500
003 BR-BrBNA
005 20250604153812.0
008 250604b2018 bl.qr|pooa||| 00| 0 por |
040 _aBR-BrBNA
_bpor
072 _aF70
100 _aKawakita, Kazue
100 _aFontana, Alan Charles
100 _aGarcia, Jéssica Magon
100 _aRodrigues, Rodrigo S.
100 _aFilgueiras, Tarciso S.
245 _aPoaceae em uma planície de inundação no Brasil: distribuição espacial e conservação
500 _aPublicação on-line; Bibliography p. 590-594 (94 ref.); 1 table; 3 illus.; Summaries (En, Pt)
520 _a Resumo Com 94 espécies, Poaceae é uma das maiores famílias botânicas ocorrentes na Planície de Inundação do Alto Rio Paraná (PIAP) e seu entorno, localizada a 22o 38’–22o 57’S e 53o 5’–53º36’O, a qual abrange áreas dos estados do Mato Grosso do Sul e do Paraná, Brasil. Sazonalmente inundável, a PIAP faz parte da Área de Proteção Ambiental Federal das Ilhas e Várzeas do Rio Paraná (APA-IVRP) e do Parque Estadual das Várzeas do Rio Ivinhema (PEVRI). Com o objetivo de ampliar os conhecimentos botânicos, ecológicos e oferecer subsídios que possam contribuir para a conservação, no presente trabalho foi avaliado o padrão de distribuição espacial das gramíneas na PIAP e no seu entorno. Para as espécies ocorrentes na PIAP foram considerados: fitofisionomia, exposição à luz, via fotossintética, condição hídrica do substrato em que preferencialmente ocorrem, classificação da morfovegetação, frequências absoluta e relativa, origem e Domínio Fitogeográfico. Os resultados mostram que as espécies distribuem-se espacialmente de acordo com a configuração geomorfológica da PIAP, aqui representadas em dois perfis esquemáticos. Palavras-chave: áreas úmidas, brejo, Gramineae, Rio Paraná, vegetação ripária. Abstract With 94 species, Poaceae is one of the largest botanical families of the Upper Paraná River Floodplain (PIAP) and its environs, located between 22o 38’–22o 57’S and 53o 5’–53o 36’W, and covering areas of the Brazilian states of Mato Grosso do Sul and Paraná. Seasonally flooded, PIAP is part of the The Environmental Protection Area of the Islands and floodplains of the Paraná River (APA-IVRP) and State Park of the Ivinhema River Floodplain (PEVRI). Aiming to improve the botanical and ecological knowledge of the area and therefore contribute to its conservation, we studied the distribution pattern of the grasses of PIAP and its environs. For the grasses of PIAP we considered: phytophysiognomy, light exposure, photosynthetic pathway, water condition of the substrate where they preferably occur, classification of the morphovegetation, and the absolute and relative frequencies. The results show that the species are distributed according to the geomorphological configuration of the PIAP, which are presented here in two schematic profiles. Key words: wetlands, swamp, Gramineae, Paraná River, riparian vegetation.
650 _aBREJO
650 _aGRAMINEAE
650 _aRIO PARANÁ
650 _aVEGETAÇÃO
773 0 _0709
_9350746
_dRio de Janeiro-RJ Jardim Botanico do Rio de Janeiro 1935
_o2025-3371
_tRodriguésia (Brazil)
_x0370-6583; 2175-7860 on-line
_gv. 69(2) p. 577-594; (2018)
_wBR2025003036
856 _uhttps://www.scielo.br/j/rod/a/RZnNHCRHMn3Z7pv6PmxfH4b/?format=pdf&lang=pt
942 _cANA
999 _c331900
_d331900